| 000 | 00322nam a2200097Ia 4500 | ||
|---|---|---|---|
| 008 | 171204s9999 xx 000 0 und d | ||
| 245 | _aOperating Systems: Multiple Choice Questions and Answers: | ||
| 260 | _c2016 | ||
| 650 | _xADVANCED OPERATING SYSTEM AND NETWORKING | ||
| 856 | _uhttp://down.ebook777.com/045/B01EG0QIA0.pdf | ||
| 999 |
_c347106 _d347106 |
||